000 00325nam a2200133Ia 4500
008 210210b1991 xxu||||| |||| 00| 0 eng d
082 _a362.2K ASHM
100 _aASHOK PAI (Ke Ea).
245 _aManasa.
260 _aBengaluru
_bDivyachandra Prakashana
_c1991
300 _a333
690 _aSocial Welfare
906 _a047191
999 _c96050
_d96050